| 000 | 00000nam 2200000za 4500 |
| 001 | 9.643904 |
| 003 | CaOODSP |
| 005 | 20240624082234 |
| 007 | cr ||||||||||| |
| 008 | 150407s1958 onc o f000 0 fre d |
| 040 | |aCaOODSP|bfre |
| 043 | |an-cn--- |
| 086 | 1 |aCP32-124/1958F-PDF |
| 086 | 1 |aZ1-1954/2-2E-PDF |
| 245 | 00|aRapport sur le droit d'auteur |h[ressource électronique] / |cCommission royale sur les brevets, le droit d'auteur, les marques de commerce et le dessins industriels. |
| 260 | |aOttawa : |bCommission royale sur les brevets, le droit d'auteur, les marques de commerce et le dessins industriels, |c1958. |
| 300 | |a47, 38 p. |
| 500 | |aÉdition numérisée de l’imprimé [par le Bureau du Conseil privé]. |
| 500 | |aJ.L. Ilsley, président ; Guy Favreau et W.W. Buchanan, commissaires. |
| 590 | |a15-04-Supp|b2015-03-19 |
| 691 | 07|aCommission d'enquête|2gcpds |
| 691 | 07|aDroit d'auteur|2gcpds |
| 710 | 1 |aCanada. |bBureau du Conseil privé. |
| 710 | 1 |aCanada. |bCommission royale sur les brevets, le droit d'auteur, les marques de commerce et les dessins industriels. |
| 775 | 08|tReport on copyright |w(CaOODSP)9.699943 |
| 856 | 40|ahttp://publications.gc.ca|qPDF|s5.48 Mo|uhttps://publications.gc.ca/collections/collection_2014/bcp-pco/CP32-124-1958-2-fra.pdf |
| 856 | 40|ahttp://publications.gc.ca|qPDF|s6.59 Mo|uhttps://publications.gc.ca/collections/collection_2014/bcp-pco/CP32-124-1958-1-fra.pdf |